Strategic comunication in business and the professions

Guardat en:
Dades bibliogràfiques
Autors principals: O'Hair, Dan (Autor), Friedrich, Gustav W (Autor), Dixon, Lynda Dee (Autor)
Format: Llibre
Idioma:anglès
Publicat: Boston Pearson Education 2011
Edició:7a. ed
Matèries:
Etiquetes: Afegir etiqueta
Sense etiquetes, Sigues el primer a etiquetar aquest registre!

MARC

LEADER 00000nam a2200000 a 4500
001 UCG5426
003 CL-VaPUC
008 110303e20110000US |||||||||||||||||eng|d
020 |a 9780205693115 
082 0 4 |a 658.4  |b OHA  |2 21 
100 0 |a O'Hair, Dan  |e author  |9 555148 
700 0 |a Friedrich, Gustav W  |e author  |9 555149 
700 0 |a Dixon, Lynda Dee  |e author  |9 555150 
245 1 0 |a Strategic comunication in business and the professions 
250 |a 7a. ed 
300 |a 440 p 
942 |c BK 
945 |d 20110303 00:00:00  |a dcastane 
260 |a Boston  |b Pearson Education  |c 2011 
650 0 |a Comunicación estratégica  |9 555151 
650 0 |a Relaciones laborales   |9 335971 
650 0 |a Negociación  |9 307187 
650 0 |a Conflictos  |9 332195 
583 |a last modification  |c 20110303 00:00:00  |k Rodrigo Vera 
999 |c 343943  |d 343941 
952 |0 0  |1 0  |4 0  |6 658_400000000000000_OHA_2011  |7 0  |8 A  |9 441660  |a BIBCUR  |b BIBCUR  |d 2019-11-22  |i 4752589  |o 658.4 OHA 2011  |p 4752589  |r 2025-04-22  |w 2019-11-22  |y BK  |k PER